| 000 | 00562nam a22001817a 4500 | ||
|---|---|---|---|
| 005 | 20240305010108.0 | ||
| 008 | 240304b |||||||| |||| 00| 0 eng d | ||
| 020 | _a0850925150 | ||
| 082 |
_222 _a323. _bADV. |
||
| 245 |
_aAdvancing the human rights of women : _bUsing international human rights standards in domestic litigation / |
||
| 260 |
_a Hong Kong, _b Center for Comparative and Public Law : _c1997. |
||
| 300 | _a192, p., | ||
| 650 | _aGender | ||
| 700 |
_aByrnes, Andrew. _eedt |
||
| 700 |
_aConnors, Jane. _eedt |
||
| 700 |
_aBik, Lum _eedt |
||
| 942 | _cL | ||
| 999 |
_c542 _d542 |
||